000 00418nam a2200157Ia 4500
003 LK-CoDNM
008 010623t1927 xxu||||| |||| 00| 1 eng d
040 _aLK-CoDNM
_dLK-CoDNM
_eLK-CoDNM
041 _aeng
080 _a50
_bC7
245 _aOfficial Hand book of the visit of the M.C.C Team to Ceylon 1927
260 _bC.A.C. Press
_aColombo
_c1927
300 _b41P,17ill., 20 cm
650 _aSports
942 _cBK
999 _c93823
_d93823